000 00517nam a2200181Ia 4500
003 GCL
008 140319s9999 xx 000 0 ara d
040 _aGCL /
_cGCL
082 0 4 _a811.082
_bم ع
100 1 _aتوفيق الحكيم
245 1 0 _aاهل الكهف (هدية من الاديب عبدالفتاح الجمل) /
_cتوفيق الحكيم
300 _a142 ص
490 _a
650 0 4 _aالادب العربى
650 0 4 _aالقصص
650 0 4 _aالقصص الدينية
942 _2ddc
_cBK
999 _c40142
_d40142